000 00678nam a2200181Ia 4500
005 20260429112245.0
008 260429s9999||||xx |||||||||||||| ||und||
020 _a9788178542232
041 _aHindi
082 _a294.5924
_bPAR
100 _aपाराशर, शान्ता प्रसाद
245 0 _aश्रीमद्‍भगवद्‍गीता में वैज्ञानिक चिन्तन /
_cशान्ता प्रसाद पाराशर
250 _a1st ed.
260 _aदिल्ली :
_bईस्टर्न बुक लिंकर,
_c2012.
300 _axvi, 315 p.; Hb
650 _aReligion
942 _cTB
999 _c53164
_d53164